000 00636nam a2200193Ia 4500
003 GCL
008 140319s9999 xx 000 0 ara d
040 _aGCL /
_cGCL
082 0 4 _a812.9
_bع ع
100 1 _aعبدالرحمن الشرقاوى
245 1 0 _aعرابى زعيم الفلاحين: مسرحية شعرية /
_cعبدالرحمن الشرقاوى
250 _aالاولى
260 _aالقاهرة :
_bمركز الاهرام للترجمة والنشر ،
_c1985
300 _a231 ص ؛
_c30 سم
490 _a
650 0 4 _aالادب العربى
650 0 4 _aالشعر المسرحى
942 _2ddc
_cBK
999 _c55812
_d55812